[Event "European Senior Team Championship 2021"]
[Site "Don Giovanni hotel, Vinohradska 2733, Prague, Czech Republic"]
[Date "2021.09.05"]
[Round "7"]
[Board "3"]
[White "Volosin, Vladimir"]
[Black "Mortensen, Steen Juul"]
[Result "1-0"]
[WhiteElo "2235"]
[BlackElo "1938"]
[PlyCount "0"]
[EventDate "2021.08.30"]
[EventType "team"]
[EventRounds "9"]
[EventCountry "ECX"]
[WhiteTeam "HUNGARY"]
[BlackTeam "SK 2012"]

1. c4 {[%clk 1:30:48]} c5 {[%clk 1:30:50]} 2. Nc3 {[%clk 1:31:03]} Nc6
{[%clk 1:31:09]} 3. g3 {[%clk 1:31:19]} g6 {[%clk 1:31:09]} 4. Bg2
{[%clk 1:31:34]} Bg7 {[%clk 1:31:37]} 5. d3 {[%clk 1:31:46]} e6 {[%clk 1:31:00]}
6. e4 {[%clk 1:31:56]} d6 {[%clk 1:30:08]} 7. Nge2 {[%clk 1:31:41]} Nge7
{[%clk 1:30:14]} 8. Be3 {[%clk 1:31:27]} Nd4 {[%clk 1:29:04]} 9. O-O
{[%clk 1:31:12]} O-O {[%clk 1:27:53]} 10. Rb1 {[%clk 1:29:59]} Nec6
{[%clk 1:24:23]} 11. a3 {[%clk 1:27:26]} a5 {[%clk 1:19:36]} 12. f4
{[%clk 1:23:48]} Rb8 {[%clk 1:18:10]} 13. a4 {[%clk 1:17:33]} Bd7
{[%clk 1:12:45]} 14. Nb5 {[%clk 1:15:00]} Qe7 {[%clk 1:05:19]} 15. Nec3
{[%clk 1:05:43]} b6 {[%clk 0:55:22]} 16. Bf2 {[%clk 1:02:21]} Nxb5
{[%clk 0:43:48]} 17. axb5 {[%clk 1:01:09]} Nd4 {[%clk 0:43:53]} 18. Re1
{[%clk 0:59:04]} Qd8 {[%clk 0:43:14]} 19. h3 {[%clk 0:54:29]} e5 {[%clk 0:36:26]}
20. Bxd4 {[%clk 0:36:26]} cxd4 {[%clk 0:34:31]} 21. Ne2 {[%clk 0:32:58]} Bh6
{[%clk 0:23:51]} 22. Rf1 {[%clk 0:31:53]} Qe7 {[%clk 0:18:58]} 23. f5
{[%clk 0:24:20]} f6 {[%clk 0:17:11]} 24. Qe1 {[%clk 0:20:40]} Be3+
{[%clk 0:17:02]} 25. Kh2 {[%clk 0:20:47]} g5 {[%clk 0:17:21]} 26. b4
{[%clk 0:19:15]} axb4 {[%clk 0:16:22]} 27. Qxb4 {[%clk 0:19:18]} Rfc8
{[%clk 0:15:03]} 28. Ra1 {[%clk 0:18:42]} Rc7 {[%clk 0:11:02]} 29. Ra2
{[%clk 0:17:26]} Kg7 {[%clk 0:10:15]} 30. Rfa1 {[%clk 0:15:11]} Rbb7
{[%clk 0:08:45]} 31. Bf3 {[%clk 0:12:57]} Be8 {[%clk 0:08:30]} 32. Ra6
{[%clk 0:13:04]} Qd7 {[%clk 0:07:30]} 33. g4 {[%clk 0:10:11]} Kf8
{[%clk 0:07:24]} 34. Kg2 {[%clk 0:10:20]} Ke7 {[%clk 0:07:28]} 35. Nc1
{[%clk 0:08:52]} Bxc1 {[%clk 0:06:20]} 36. Rxc1 {[%clk 0:08:36]} Qc8
{[%clk 0:04:58]} 37. Rca1 Qd7 {[%clk 0:04:48]} 38. Bd1 {[%clk 0:06:01]} Bf7
{[%clk 0:04:07]} 39. R1a3 {[%clk 0:05:07]} Be8 {[%clk 0:03:53]} 40. Ra8
{[%clk 0:04:55]} Kf7 {[%clk 0:02:14]} 41. Bb3 {[%clk 0:04:46]} Ke7
{[%clk 0:30:12]} 42. Qe1 {[%clk 0:34:27]} Rc8 {[%clk 0:28:06]} 43. R8a6
{[%clk 0:33:41]} Kf7 {[%clk 0:26:27]} 44. c5+ {[%clk 0:33:36]} Kg7
{[%clk 0:26:35]} 45. c6 {[%clk 0:33:54]}  1-0

[Event "European Senior Team Championship 2021"]
[Site "Don Giovanni hotel, Vinohradska 2733, Prague, Czech Republic"]
[Date "2021.09.05"]
[Round "7"]
[Board "4"]
[White "Andersson, Finn"]
[Black "Restas, Peter"]
[Result "0-1"]
[WhiteElo "1796"]
[BlackElo "2115"]
[PlyCount "0"]
[EventDate "2021.08.30"]
[EventType "team"]
[EventRounds "9"]
[EventCountry "ECX"]
[WhiteTeam "SK 2012"]
[BlackTeam "HUNGARY"]

1. e4 {[%clk 1:30:56]} c5 {[%clk 1:30:56]} 2. Nc3 {[%clk 1:31:13]} a6
{[%clk 1:28:52]} 3. g3 {[%clk 1:29:33]} b5 {[%clk 1:29:18]} 4. Bg2
{[%clk 1:29:22]} Bb7 {[%clk 1:29:46]} 5. Nge2 {[%clk 1:21:34]} e6
{[%clk 1:28:56]} 6. O-O {[%clk 1:21:07]} Nf6 {[%clk 1:28:45]} 7. d3
{[%clk 1:20:25]} d6 {[%clk 1:18:40]} 8. a4 {[%clk 1:11:44]} b4 {[%clk 1:11:47]}
9. Nb1 {[%clk 1:12:03]} Nbd7 {[%clk 1:11:20]} 10. Nd2 {[%clk 1:07:56]} Qc7
{[%clk 1:10:22]} 11. f4 {[%clk 0:58:40]} Be7 {[%clk 1:04:32]} 12. b3
{[%clk 0:52:21]} O-O {[%clk 1:00:50]} 13. h3 {[%clk 0:51:59]} d5 {[%clk 0:52:05]}
14. Bb2 {[%clk 0:45:48]} dxe4 {[%clk 0:43:11]} 15. Nxe4 {[%clk 0:36:56]} Nd5
{[%clk 0:35:57]} 16. Qc1 {[%clk 0:33:00]} Rae8 {[%clk 0:25:35]} 17. c4
{[%clk 0:16:30]} bxc3 {[%clk 0:24:16]} 18. N2xc3 {[%clk 0:16:30]} Nb4
{[%clk 0:17:13]} 19. Qd2 {[%clk 0:11:50]} f5 {[%clk 0:14:01]} 20. Ng5
{[%clk 0:07:32]} Bxg5 {[%clk 0:12:30]} 21. fxg5 {[%clk 0:04:42]} Bxg2
{[%clk 0:10:32]} 22. Kxg2 {[%clk 0:05:07]} Ne5 {[%clk 0:10:46]} 23. Qe3
{[%clk 0:03:38]} Nc2 {[%clk 0:09:59]}  0-1

[Event "European Senior Team Championship 2021"]
[Site "Don Giovanni hotel, Vinohradska 2733, Prague, Czech Republic"]
[Date "2021.09.05"]
[Round "7"]
[Board "2"]
[White "Orlova, Liubov"]
[Black "Hort, Vlastimil"]
[Result "0-1"]
[WhiteElo "1988"]
[BlackElo "2385"]
[PlyCount "0"]
[EventDate "2021.08.30"]
[EventType "team"]
[EventRounds "9"]
[EventCountry "ECX"]
[WhiteTeam "GERMANY 1 WOMEN"]
[BlackTeam "GERMANY 1"]

1. Nf3 {[%clk 1:30:44]} g6 {[%clk 1:30:41]} 2. c4 {[%clk 1:30:43]} Bg7
{[%clk 1:30:59]} 3. d4 {[%clk 1:30:48]} Nf6 {[%clk 1:31:24]} 4. Nc3
{[%clk 1:31:07]} d5 {[%clk 1:31:53]} 5. e3 {[%clk 1:30:42]} O-O {[%clk 1:32:10]}
6. Bd3 {[%clk 1:28:24]} c6 {[%clk 1:30:53]} 7. O-O {[%clk 1:28:23]} Be6
{[%clk 1:29:51]} 8. b3 {[%clk 1:27:35]} Bf5 {[%clk 1:30:02]} 9. Bb2
{[%clk 1:23:48]} Bxd3 {[%clk 1:27:23]} 10. Qxd3 {[%clk 1:24:13]} e6
{[%clk 1:27:37]} 11. Rad1 {[%clk 1:20:12]} Nbd7 {[%clk 1:25:39]} 12. e4
{[%clk 1:16:13]} dxe4 {[%clk 1:25:18]} 13. Nxe4 {[%clk 1:16:12]} Nxe4
{[%clk 1:25:33]} 14. Qxe4 {[%clk 1:16:32]} Qa5 {[%clk 1:25:20]} 15. a3
{[%clk 1:13:16]} Rfd8 {[%clk 1:24:07]} 16. Qc2 {[%clk 1:06:53]} Rac8
{[%clk 1:20:57]} 17. Rfe1 {[%clk 1:06:16]} b5 {[%clk 1:17:30]} 18. Bc3
{[%clk 1:05:56]} Qa6 {[%clk 1:14:27]} 19. Bb4 {[%clk 1:00:53]} bxc4
{[%clk 1:09:32]} 20. bxc4 {[%clk 0:59:17]} Nb6 {[%clk 1:09:42]} 21. c5
{[%clk 0:53:34]} Nd5 {[%clk 1:08:11]} 22. Qe4 {[%clk 0:53:47]} Rb8
{[%clk 1:08:07]} 23. Ng5 {[%clk 0:53:08]} Re8 {[%clk 1:07:57]} 24. Qf3
{[%clk 0:51:53]} Re7 {[%clk 1:02:18]} 25. Qg3 {[%clk 0:46:16]} Rbb7
{[%clk 0:57:54]} 26. Bd2 {[%clk 0:45:30]} Qa4 {[%clk 0:56:55]} 27. Qh4
{[%clk 0:45:06]} Nf6 {[%clk 0:55:49]} 28. Nf3 {[%clk 0:44:03]} Red7
{[%clk 0:55:06]} 29. Bg5 {[%clk 0:43:14]} Nd5 {[%clk 0:54:28]} 30. Rb1
{[%clk 0:40:51]} Rb3 {[%clk 0:52:06]} 31. Nd2 {[%clk 0:37:48]} Rxb1
{[%clk 0:49:11]} 32. Rxb1 {[%clk 0:37:22]} h5 {[%clk 0:49:28]} 33. Rb8+
{[%clk 0:36:44]} Kh7 {[%clk 0:49:49]} 34. Nb3 {[%clk 0:31:04]} Qa6
{[%clk 0:47:59]} 35. g4 {[%clk 0:30:22]} Rb7 {[%clk 0:46:39]} 36. Rxb7
{[%clk 0:28:00]} Qxb7 {[%clk 0:46:47]} 37. Nd2 {[%clk 0:27:02]} f6
{[%clk 0:46:51]} 38. Be3 {[%clk 0:26:07]} Qb2 {[%clk 0:45:41]} 39. Nf1
{[%clk 0:20:10]} Qe2 {[%clk 0:44:29]} 40. gxh5 {[%clk 0:19:39]} Qxh5
{[%clk 0:44:47]} 41. Qxh5+ {[%clk 0:19:11]} gxh5 {[%clk 0:45:08]} 42. Kg2
{[%clk 0:17:24]} Kg6 {[%clk 0:44:05]} 43. Nd2 {[%clk 0:13:58]} f5
{[%clk 0:43:16]} 44. Kf3 {[%clk 0:13:18]} e5 {[%clk 0:43:29]} 45. dxe5
{[%clk 0:12:28]} Bxe5 {[%clk 0:43:38]} 46. Nf1 {[%clk 0:06:59]} f4
{[%clk 0:43:36]} 47. Bc1 {[%clk 0:06:48]} Bd4 {[%clk 0:42:37]} 48. Bxf4
{[%clk 0:06:12]} Nxf4 {[%clk 0:42:30]} 49. Kxf4 {[%clk 0:06:17]} Bxf2
{[%clk 0:42:22]} 50. Nd2 {[%clk 0:03:21]} Bxc5 {[%clk 0:42:26]} 51. Nc4
{[%clk 0:03:47]} Kf6 {[%clk 0:42:12]} 52. h3 {[%clk 0:03:59]} Ke6
{[%clk 0:41:12]} 53. Ke4 {[%clk 0:03:26]} Be7 {[%clk 0:41:24]} 54. a4
{[%clk 0:02:46]} Bf6 {[%clk 0:41:29]} 55. Na5 {[%clk 0:01:37]} Kd6
{[%clk 0:41:08]} 56. Nb7+ {[%clk 0:01:56]} Kc7 {[%clk 0:41:10]} 57. Nc5
{[%clk 0:02:22]} Be7 {[%clk 0:41:11]} 58. Kd4 {[%clk 0:02:15]} Bxc5+
{[%clk 0:41:14]} 59. Kxc5 {[%clk 0:02:43]} h4 {[%clk 0:41:25]} 60. Kc4
{[%clk 0:01:15]} Kd6 {[%clk 0:41:17]} 61. Kd4 {[%clk 0:00:48]} c5+
{[%clk 0:41:28]} 62. Kc4 {[%clk 0:01:17]} Kc6 {[%clk 0:41:47]} 63. Kc3
{[%clk 0:25:08]} Kd5 {[%clk 1:11:33]} 64. Kd3 {[%clk 0:23:32]} c4+
{[%clk 1:11:10]} 65. Kd2 {[%clk 0:23:00]} Kc5 {[%clk 1:10:43]} 66. Kc2
{[%clk 0:19:52]} Kb4 {[%clk 1:10:52]} 67. a5 {[%clk 0:19:19]} Kxa5
{[%clk 1:11:04]} 68. Kc3 {[%clk 0:19:24]} Kb5 {[%clk 1:11:29]}  0-1

[Event "European Senior Team Championship 2021"]
[Site "Don Giovanni hotel, Vinohradska 2733, Prague, Czech Republic"]
[Date "2021.09.05"]
[Round "7"]
[Board "3"]
[White "Postler, Reinhard"]
[Black "Kierzek, Mira"]
[Result "1-0"]
[WhiteElo "2250"]
[BlackElo "2003"]
[PlyCount "0"]
[EventDate "2021.08.30"]
[EventType "team"]
[EventRounds "9"]
[EventCountry "ECX"]
[WhiteTeam "GERMANY 1"]
[BlackTeam "GERMANY 1 WOMEN"]

1. e4 {[%clk 1:30:57]} c6 {[%clk 1:30:52]} 2. d4 {[%clk 1:31:15]} d5
{[%clk 1:31:13]} 3. Nc3 {[%clk 1:31:39]} dxe4 {[%clk 1:31:31]} 4. Nxe4
{[%clk 1:32:07]} Nf6 {[%clk 1:31:44]} 5. Nxf6+ {[%clk 1:32:23]} exf6
{[%clk 1:32:02]} 6. c3 {[%clk 1:32:41]} Bd6 {[%clk 1:32:16]} 7. Bd3
{[%clk 1:33:03]} O-O {[%clk 1:31:20]} 8. Qc2 {[%clk 1:33:15]} Re8+
{[%clk 1:31:09]} 9. Ne2 {[%clk 1:33:37]} h5 {[%clk 1:30:34]} 10. O-O
{[%clk 1:22:29]} Qc7 {[%clk 1:28:17]} 11. h3 {[%clk 1:22:17]} Nd7
{[%clk 1:25:35]} 12. Ng3 {[%clk 1:16:59]} Bxg3 {[%clk 1:17:32]} 13. fxg3
{[%clk 1:17:27]} Nf8 {[%clk 1:17:05]} 14. Bf4 {[%clk 1:16:18]} Qd8
{[%clk 1:16:21]} 15. Qf2 {[%clk 1:08:04]} Be6 {[%clk 1:07:58]} 16. c4
{[%clk 1:03:20]} Qd7 {[%clk 1:01:25]} 17. Be3 {[%clk 0:58:10]} Qc7
{[%clk 0:52:07]} 18. Rad1 {[%clk 0:53:31]} Qe7 {[%clk 0:50:31]} 19. Rfe1
{[%clk 0:47:32]} Qb4 {[%clk 0:48:46]} 20. b3 {[%clk 0:46:26]} Qa5
{[%clk 0:48:07]} 21. Qc2 {[%clk 0:41:47]} Rad8 {[%clk 0:44:07]} 22. Qf2
{[%clk 0:30:48]} Ra8 {[%clk 0:38:09]} 23. Bb1 {[%clk 0:29:11]} Rad8
{[%clk 0:33:16]} 24. Bd2 {[%clk 0:25:45]} Qb6 {[%clk 0:29:00]} 25. Bc3
{[%clk 0:22:35]} Bc8 {[%clk 0:24:48]} 26. Rxe8 {[%clk 0:18:05]} Rxe8
{[%clk 0:25:12]} 27. d5 {[%clk 0:18:01]} Qxf2+ {[%clk 0:25:19]} 28. Kxf2
{[%clk 0:18:29]} cxd5 {[%clk 0:24:54]} 29. Rxd5 {[%clk 0:17:33]} f5
{[%clk 0:12:26]} 30. Bxf5 {[%clk 0:17:15]} Bxf5 {[%clk 0:12:49]} 31. Rxf5
{[%clk 0:17:38]} g6 {[%clk 0:12:59]} 32. Rd5 {[%clk 0:17:13]} a6 {[%clk 0:13:07]}
33. g4 {[%clk 0:13:29]} hxg4 {[%clk 0:13:26]} 34. hxg4 {[%clk 0:13:58]} Rc8
{[%clk 0:13:14]} 35. Bf6 {[%clk 0:13:57]} Ne6 {[%clk 0:11:09]} 36. g5
{[%clk 0:13:05]} Nc5 {[%clk 0:08:51]} 37. Rd4 {[%clk 0:12:21]} Re8
{[%clk 0:08:41]} 38. Kf3 {[%clk 0:12:38]} Ne6 {[%clk 0:07:07]} 39. Rd7
{[%clk 0:12:36]} Rb8 {[%clk 0:06:49]} 40. b4 {[%clk 0:11:52]} Kf8
{[%clk 0:05:05]} 41. c5 {[%clk 0:08:04]} Ke8 {[%clk 0:04:49]} 42. Re7+
{[%clk 0:08:20]} Kf8 {[%clk 0:04:47]} 43. Kg4 {[%clk 0:07:51]} Nd4
{[%clk 0:03:17]} 44. Re1 {[%clk 0:04:19]} Nc6 {[%clk 0:30:28]} 45. a3
{[%clk 0:33:17]} Re8 {[%clk 0:27:31]} 46. Rh1 {[%clk 0:33:25]} Ne7
{[%clk 0:27:51]} 47. Rd1 {[%clk 0:31:46]} Nc6 {[%clk 0:25:42]} 48. Rd7
{[%clk 0:31:55]} Rb8 {[%clk 0:25:23]} 49. Kf4 {[%clk 0:31:09]} Ke8
{[%clk 0:24:23]} 50. Rc7 {[%clk 0:30:55]} Kf8 {[%clk 0:20:45]} 51. Ke4
{[%clk 0:30:06]} Ke8 {[%clk 0:18:48]} 52. Kd5 {[%clk 0:28:42]} Na7
{[%clk 0:13:11]} 53. a4 {[%clk 0:28:06]} Nc6 {[%clk 0:13:26]} 54. Kc4
{[%clk 0:26:30]} Na7 {[%clk 0:11:43]} 55. b5 {[%clk 0:24:10]} axb5+
{[%clk 0:11:19]} 56. axb5 {[%clk 0:24:38]} Nc8 {[%clk 0:11:23]} 57. Be5
{[%clk 0:24:20]} b6 {[%clk 0:09:46]} 58. Rc6 {[%clk 0:23:06]} Ra8
{[%clk 0:09:28]} 59. cxb6 {[%clk 0:23:25]}  1-0

[Event "European Senior Team Championship 2021"]
[Site "Don Giovanni hotel, Vinohradska 2733, Prague, Czech Republic"]
[Date "2021.09.05"]
[Round "7"]
[Board "4"]
[White "Wagner-Michel, Annett"]
[Black "Kierzek, Matthias"]
[Result "0-1"]
[WhiteElo "2011"]
[BlackElo "2201"]
[PlyCount "0"]
[EventDate "2021.08.30"]
[EventType "team"]
[EventRounds "9"]
[EventCountry "ECX"]
[WhiteTeam "GERMANY 1 WOMEN"]
[BlackTeam "GERMANY 1"]

1. e4 {[%clk 1:30:57]} c6 {[%clk 1:30:54]} 2. d4 {[%clk 1:31:12]} d5
{[%clk 1:31:18]} 3. Nd2 {[%clk 1:31:40]} dxe4 {[%clk 1:31:40]} 4. Nxe4
{[%clk 1:32:05]} Nf6 {[%clk 1:32:02]} 5. Nxf6+ {[%clk 1:32:27]} exf6
{[%clk 1:32:26]} 6. h3 {[%clk 1:31:15]} Bd6 {[%clk 1:32:25]} 7. Bd3
{[%clk 1:30:26]} O-O {[%clk 1:32:25]} 8. Ne2 {[%clk 1:25:49]} Re8
{[%clk 1:31:13]} 9. O-O {[%clk 1:26:05]} f5 {[%clk 1:23:31]} 10. c4
{[%clk 1:16:03]} g6 {[%clk 1:18:55]} 11. Bd2 {[%clk 1:07:42]} Nd7
{[%clk 1:17:12]} 12. Nc3 {[%clk 1:05:41]} Nf8 {[%clk 1:12:15]} 13. d5
{[%clk 0:54:16]} Nd7 {[%clk 1:10:09]} 14. Qc2 {[%clk 0:46:52]} Nc5
{[%clk 1:08:07]} 15. Rad1 {[%clk 0:43:01]} Bd7 {[%clk 0:57:54]} 16. a3
{[%clk 0:33:25]} Nxd3 {[%clk 0:40:14]} 17. Qxd3 {[%clk 0:33:49]} c5
{[%clk 0:40:37]} 18. Ne2 {[%clk 0:28:39]} Qh4 {[%clk 0:40:00]} 19. b3
{[%clk 0:17:56]} f4 {[%clk 0:35:17]} 20. Qf3 {[%clk 0:09:15]} g5 {[%clk 0:35:05]}
21. Rfe1 {[%clk 0:04:36]} g4 {[%clk 0:33:48]} 22. Qd3 {[%clk 0:03:43]} f3
{[%clk 0:30:02]} 23. Nf4 {[%clk 0:03:49]} gxh3 {[%clk 0:20:26]} 24. g3
{[%clk 0:03:38]} h2+ {[%clk 0:20:26]} 25. Kh1 {[%clk 0:03:55]} Qg4
{[%clk 0:20:33]} 26. Kxh2 {[%clk 0:01:51]} Bxf4 {[%clk 0:20:33]} 27. Bxf4
{[%clk 0:02:10]} Qh3+ {[%clk 0:20:55]}  0-1

[Event "European Senior Team Championship 2021"]
[Site "Don Giovanni hotel, Vinohradska 2733, Prague, Czech Republic"]
[Date "2021.09.05"]
[Round "7"]
[Board "1"]
[White "Pribyl, Josef"]
[Black "Jurek, Josef"]
[Result "1/2-1/2"]
[WhiteElo "2226"]
[BlackElo "2208"]
[PlyCount "0"]
[EventDate "2021.08.30"]
[EventType "team"]
[EventRounds "9"]
[EventCountry "ECX"]
[WhiteTeam "CHESS ACADEMY PRAHA"]
[BlackTeam "SK SOKOL VYSEHRAD"]

1. d4 {[%clk 1:30:58]} Nf6 {[%clk 1:30:44]} 2. Nf3 {[%clk 1:31:12]} e6
{[%clk 1:30:59]} 3. g3 {[%clk 1:31:36]} b6 {[%clk 1:31:05]} 4. Bg2
{[%clk 1:32:04]} Bb7 {[%clk 1:31:17]} 5. O-O {[%clk 1:32:28]} c5 {[%clk 1:31:01]}
6. c4 {[%clk 1:32:56]} cxd4 {[%clk 1:30:58]} 7. Qxd4 {[%clk 1:33:24]} d6
{[%clk 1:30:30]} 8. Nc3 {[%clk 1:33:27]} Be7 {[%clk 1:30:27]} 9. Rd1
{[%clk 1:33:52]} a6 {[%clk 1:30:32]} 10. b3 {[%clk 1:31:31]} Nbd7
{[%clk 1:30:23]} 11. Bb2 {[%clk 1:31:46]} O-O {[%clk 1:30:28]} 12. Rac1
{[%clk 1:29:12]}  1/2-1/2

[Event "European Senior Team Championship 2021"]
[Site "Don Giovanni hotel, Vinohradska 2733, Prague, Czech Republic"]
[Date "2021.09.05"]
[Round "7"]
[Board "2"]
[White "Netusil, Miloslav"]
[Black "Mojzis, Jaroslav"]
[Result "0-1"]
[WhiteElo "2146"]
[BlackElo "2030"]
[PlyCount "0"]
[EventDate "2021.08.30"]
[EventType "team"]
[EventRounds "9"]
[EventCountry "ECX"]
[WhiteTeam "SK SOKOL VYSEHRAD"]
[BlackTeam "CHESS ACADEMY PRAHA"]

1. e4 {[%clk 1:30:57]} e5 {[%clk 1:30:47]} 2. Nf3 {[%clk 1:31:17]} Nc6
{[%clk 1:31:09]} 3. Nc3 {[%clk 1:31:32]} Nf6 {[%clk 1:31:32]} 4. d4
{[%clk 1:31:52]} exd4 {[%clk 1:31:48]} 5. Nxd4 {[%clk 1:32:12]} Bb4
{[%clk 1:31:24]} 6. Nxc6 {[%clk 1:32:22]} bxc6 {[%clk 1:31:30]} 7. Bd3
{[%clk 1:32:44]} d5 {[%clk 1:31:15]} 8. exd5 {[%clk 1:33:02]} cxd5
{[%clk 1:31:40]} 9. O-O {[%clk 1:33:22]} O-O {[%clk 1:31:52]} 10. Bg5
{[%clk 1:33:46]} c6 {[%clk 1:32:07]} 11. Qf3 {[%clk 1:30:49]} h6 {[%clk 1:31:38]}
12. Bxf6 {[%clk 1:30:25]} Qxf6 {[%clk 1:31:57]} 13. Qxf6 {[%clk 1:30:49]} gxf6
{[%clk 1:32:17]} 14. Ne2 {[%clk 1:30:30]} Re8 {[%clk 1:31:53]} 15. Ng3
{[%clk 1:27:43]} Bd7 {[%clk 1:10:31]} 16. Bf5 {[%clk 1:21:30]} Bxf5
{[%clk 1:09:48]} 17. Nxf5 {[%clk 1:21:52]} Bf8 {[%clk 1:04:44]} 18. Rfe1
{[%clk 1:08:03]} Re5 {[%clk 1:05:04]} 19. g4 {[%clk 0:57:06]} Rb8
{[%clk 1:04:48]} 20. b3 {[%clk 0:56:46]} Rb4 {[%clk 1:04:22]} 21. h3
{[%clk 0:53:43]} h5 {[%clk 0:55:22]} 22. f3 {[%clk 0:49:20]} Kh7 {[%clk 0:51:23]}
23. Kg2 {[%clk 0:49:19]} Kg6 {[%clk 0:45:39]} 24. c3 {[%clk 0:47:22]} Rb8
{[%clk 0:45:29]} 25. f4 {[%clk 0:46:59]} Ree8 {[%clk 0:41:42]} 26. Rxe8
{[%clk 0:44:51]} Rxe8 {[%clk 0:42:04]} 27. Kf3 {[%clk 0:45:14]} a5
{[%clk 0:40:42]} 28. Rd1 {[%clk 0:44:49]} hxg4+ {[%clk 0:33:21]} 29. hxg4
{[%clk 0:44:17]} a4 {[%clk 0:30:55]} 30. b4 {[%clk 0:37:51]} Kh7 {[%clk 0:24:10]}
31. Ng3 {[%clk 0:22:39]} Kg8 {[%clk 0:15:01]} 32. a3 {[%clk 0:19:45]} Rc8
{[%clk 0:14:09]} 33. Ne2 {[%clk 0:14:08]} Re8 {[%clk 0:13:02]} 34. Rd4
{[%clk 0:14:10]} Bg7 {[%clk 0:11:27]} 35. Rd3 {[%clk 0:13:25]} Bf8
{[%clk 0:10:07]} 36. Nd4 {[%clk 0:09:19]} Rc8 {[%clk 0:09:43]} 37. Nf5
{[%clk 0:07:58]} Re8 {[%clk 0:07:19]} 38. Re3 {[%clk 0:05:36]} Rc8
{[%clk 0:02:13]} 39. Ke2 {[%clk 0:04:14]} c5 {[%clk 0:02:23]} 40. Kd3
{[%clk 0:04:34]} d4 {[%clk 0:02:19]} 41. cxd4 {[%clk 0:01:55]} cxb4
{[%clk 0:02:43]} 42. axb4 {[%clk 0:00:51]} Bxb4 {[%clk 0:01:49]} 43. Ne7+
{[%clk 0:27:06]} Bxe7 {[%clk 0:32:07]} 44. Rxe7 {[%clk 0:27:31]} Ra8
{[%clk 0:31:26]} 45. Kc2 {[%clk 0:21:34]} a3 {[%clk 0:28:05]} 46. Kb1
{[%clk 0:21:54]} Ra4 {[%clk 0:27:17]} 47. Rd7 {[%clk 0:22:10]} a2+
{[%clk 0:23:11]} 48. Ka1 {[%clk 0:22:34]} Kf8 {[%clk 0:23:03]} 49. g5
{[%clk 0:19:43]} Ke8 {[%clk 0:21:40]} 50. Rd6 {[%clk 0:15:41]} fxg5
{[%clk 0:19:43]} 51. fxg5 {[%clk 0:16:01]} Ke7 {[%clk 0:19:46]} 52. Rd5
{[%clk 0:16:24]} Kf8 {[%clk 0:18:58]} 53. Rf5 {[%clk 0:13:47]} Kg7
{[%clk 0:18:59]} 54. d5 {[%clk 0:14:10]} Ra5 {[%clk 0:18:50]} 55. Rf1
{[%clk 0:12:06]} Rxd5 {[%clk 0:18:56]} 56. Kxa2 {[%clk 0:12:29]} Rxg5
{[%clk 0:19:20]} 57. Kb2 {[%clk 0:12:48]} Rc5 {[%clk 0:18:30]}  0-1

[Event "European Senior Team Championship 2021"]
[Site "Don Giovanni hotel, Vinohradska 2733, Prague, Czech Republic"]
[Date "2021.09.05"]
[Round "7"]
[Board "3"]
[White "Mlynek, Petr"]
[Black "Pilar, Miloslav"]
[Result "1/2-1/2"]
[WhiteElo "2058"]
[BlackElo "2035"]
[PlyCount "0"]
[EventDate "2021.08.30"]
[EventType "team"]
[EventRounds "9"]
[EventCountry "ECX"]
[WhiteTeam "CHESS ACADEMY PRAHA"]
[BlackTeam "SK SOKOL VYSEHRAD"]

1. d4 {[%clk 1:30:51]} d5 {[%clk 1:29:52]} 2. c4 {[%clk 1:31:06]} e6
{[%clk 1:29:52]} 3. Nf3 {[%clk 1:31:22]} Nf6 {[%clk 1:30:15]} 4. g3
{[%clk 1:31:41]} Be7 {[%clk 1:30:23]} 5. Bg2 {[%clk 1:32:02]} O-O
{[%clk 1:30:25]} 6. O-O {[%clk 1:32:25]} b6 {[%clk 1:27:55]} 7. cxd5
{[%clk 1:32:21]} exd5 {[%clk 1:27:52]} 8. Nc3 {[%clk 1:32:33]} Bb7
{[%clk 1:26:15]} 9. Bf4 {[%clk 1:31:46]} c6 {[%clk 1:18:15]} 10. a3
{[%clk 1:25:36]} Re8 {[%clk 1:14:11]} 11. b4 {[%clk 1:23:30]} Nbd7
{[%clk 1:10:55]} 12. Qb3 {[%clk 1:21:26]} Bf8 {[%clk 1:08:01]} 13. Rfe1
{[%clk 1:13:05]} a5 {[%clk 1:03:27]} 14. Ne5 {[%clk 1:10:11]} Nxe5
{[%clk 0:56:37]} 15. Bxe5 {[%clk 1:09:08]}  1/2-1/2